LEADER 03398oas 2201453 a 450 001 9910144642403321 005 20251105213014.0 011 $a1474-760X 035 $a(OCoLC)49210873 035 $a(CONSER) 2002262017 035 $a(CKB)1000000000224391 035 $a(EXLCZ)991000000000224391 100 $a20020227a20009999 sy a 101 0 $aeng 135 $aurcnu|||||||| 181 $ctxt$2rdacontent 182 $cc$2rdamedia 183 $acr$2rdacarrier 200 00$aGenome biology 210 $aLondon $cBioMed Central Ltd.$d©1999- 215 $a1 online resource 300 $aRefereed/Peer-reviewed 300 $aTitle from journal home page (viewed February 27, 2002). 311 08$a1474-7596 517 3 $aGenomeBiology.com 517 1 $aGB. C 531 0 $aGenome biol. 606 $aGenomes$vPeriodicals 606 $aBiology$vPeriodicals 606 $aMolecular biology$vPeriodicals 606 $aBiology 606 $aGenomes 606 $aBiology 606 $aGenetics 606 $aGenome 606 $aGe?nomes$vPe?riodiques 606 $aBiologie$vPe?riodiques 606 $aBiologie mole?culaire$vPe?riodiques 606 $aBiologie 606 $aGe?nomes 606 $abiology$2aat 606 $aBiology$2fast$3(OCoLC)fst00832383 606 $aGenomes$2fast$3(OCoLC)fst00940225 606 $aMolecular biology$2fast$3(OCoLC)fst01024734 606 $aBiologia molecular$2thub 606 $aGenètica$2thub 606 $aBiologia$2thub 606 $aGenomes$2thub 608 $aPeriodical. 608 $aperiodicals.$2aat 608 $aPeriodicals.$2fast 608 $aPeriodicals.$2lcgft 608 $aPe?riodiques.$2rvmgf 608 $aRevistes electròniques.$2thub 615 0$aGenomes 615 0$aBiology 615 0$aMolecular biology 615 0$aBiology. 615 0$aGenomes. 615 12$aBiology. 615 22$aGenetics. 615 22$aGenome. 615 6$aGe?nomes 615 6$aBiologie 615 6$aBiologie mole?culaire 615 6$aBiologie. 615 6$aGe?nomes. 615 7$abiology. 615 7$aBiology. 615 7$aGenomes. 615 7$aMolecular biology. 615 7$aBiologia molecular. 615 7$aGenètica. 615 7$aBiologia. 615 7$aGenomes. 801 0$bCGU 801 1$bCGU 801 2$bDLC 801 2$bOCLCQ 801 2$bMUQ 801 2$bWAU 801 2$bOCL 801 2$bDLC 801 2$bMYG 801 2$bOCLCS 801 2$bOCLCQ 801 2$bUKMGB 801 2$bOCLCQ 801 2$bOCLCO 801 2$bOCLCF 801 2$bOCLCO 801 2$bCUS 801 2$bEUW 801 2$bOCLCO 801 2$bOCLCQ 801 2$bNJR 801 2$bWY@ 801 2$bOCLCO 801 2$bOCLCQ 801 2$bOCLCA 801 2$bU3W 801 2$bOCLCO 801 2$bOCLCA 801 2$bBUF 801 2$bAU@ 801 2$bOCLCO 801 2$bWYU 801 2$bVT2 801 2$bOCLCO 801 2$bOCLCA 801 2$bCUS 801 2$bBWN 801 2$bOCLCO 801 2$bQGK 801 2$bOCLCQ 801 2$bOCLCO 801 2$bOCLCQ 801 2$bIOY 801 2$bSFB 801 2$bOCLCQ 906 $aJOURNAL 912 $a9910144642403321 996 $aGenome biology$91917267 997 $aUNINA